Cases & materials on constitutional & administrative law / (Record no. 21981)
[ view plain ]
| 000 -LEADER | |
|---|---|
| fixed length control field | 01224cam a22003255a 4500 |
| 001 - CONTROL NUMBER | |
| control field | 17989734 |
| 005 - DATE AND TIME OF LATEST TRANSACTION | |
| control field | 20160720103552.0 |
| 008 - FIXED-LENGTH DATA ELEMENTS--GENERAL INFORMATION | |
| fixed length control field | 140107t2014 enka fr 001 0 eng d |
| 010 ## - LIBRARY OF CONGRESS CONTROL NUMBER | |
| LC control number | 2014930255 |
| 020 ## - INTERNATIONAL STANDARD BOOK NUMBER | |
| International Standard Book Number | 9780199678211 |
| 040 ## - CATALOGING SOURCE | |
| Original cataloging agency | DLC |
| Language of cataloging | eng |
| Transcribing agency | DLC |
| Modifying agency | DLC |
| -- | EG-ScBUE |
| 043 ## - GEOGRAPHIC AREA CODE | |
| Geographic area code | e-uk--- |
| 082 04 - DEWEY DECIMAL CLASSIFICATION NUMBER | |
| Classification number | 342.41 |
| Item number | THO |
| Edition number | 22 |
| 100 1# - MAIN ENTRY--PERSONAL NAME | |
| Personal name | Thompson, Brian, |
| Dates associated with a name | 1955- |
| 9 (RLIN) | 40354 |
| 245 10 - TITLE STATEMENT | |
| Title | Cases & materials on constitutional & administrative law / |
| Statement of responsibility, etc | Brian Thompson, Michael Gordon. |
| 246 30 - VARYING FORM OF TITLE | |
| Title proper/short title | Constitutional & administrative law |
| 246 3# - VARYING FORM OF TITLE | |
| Title proper/short title | Cases and materials on constitutional and administrative law |
| 250 ## - EDITION STATEMENT | |
| Edition statement | 11th ed. |
| 260 ## - PUBLICATION, DISTRIBUTION, ETC. (IMPRINT) | |
| Place of publication, distribution, etc | Oxford : |
| Name of publisher, distributor, etc | Oxford University Press, |
| Date of publication, distribution, etc | c.2014. |
| 300 ## - PHYSICAL DESCRIPTION | |
| Extent | xl, 693 p. : |
| Other physical details | ill. ; |
| Dimensions | 25 cm. |
| 500 ## - GENERAL NOTE | |
| General note | Includes index. |
| 500 ## - GENERAL NOTE | |
| General note | Includesonline resource centre "www.oxfordtextbooks.com". |
| 650 #0 - SUBJECT ADDED ENTRY--TOPICAL TERM | |
| Topical term or geographic name as entry element | Administrative law |
| Geographic subdivision | Great Britain |
| Form subdivision | Cases. |
| Source of heading or term | BUEsh |
| 650 #0 - SUBJECT ADDED ENTRY--TOPICAL TERM | |
| Topical term or geographic name as entry element | Constitutional law |
| Geographic subdivision | Great Britain |
| Form subdivision | Cases. |
| Source of heading or term | BUEsh |
| 651 ## - SUBJECT ADDED ENTRY--GEOGRAPHIC NAME | |
| Source of heading or term | BUEsh |
| 653 ## - INDEX TERM--UNCONTROLLED | |
| Resource For college | Law |
| Arrived date list | July2016 |
| 700 1# - ADDED ENTRY--PERSONAL NAME | |
| Personal name | Gordon, Michael |
| Fuller form of name | (Michael J.) |
| 9 (RLIN) | 40355 |
| 700 1# - ADDED ENTRY--PERSONAL NAME | |
| Personal name | Allen, M. J. |
| Fuller form of name | (Michael John), |
| Dates associated with a name | 1956- |
| Title of a work | Cases and materials on constitutional and administrative law. |
| 942 ## - ADDED ENTRY ELEMENTS (KOHA) | |
| Source of classification or shelving scheme | Dewey Decimal Classification |
| Withdrawn status | Item status | Source of classification or shelving scheme | Damaged status | Not for loan | Vendor | Home library | Current library | Shelving location | Date acquired | Source of acquisition | Cost, normal purchase price | Serial Enumeration / chronology | Total Checkouts | Total Renewals | Full call number | Barcode | Date last seen | Date last borrowed | Cost, replacement price | Koha item type |
|---|---|---|---|---|---|---|---|---|---|---|---|---|---|---|---|---|---|---|---|---|
| Dewey Decimal Classification | Baccah | Central Library | Central Library | First floor | 20/07/2016 | Purchase | 462.00 | 26080 | 6 | 14 | 342.41 THO | 000032913 | 16/12/2025 | 27/11/2024 | 577.50 | Book - Borrowing |